Normal view
MARC view
- التخطيط الاداري
Entry Topical Term
001 - CONTROL NUMBER
- control field: 9969
003 - CONTROL NUMBER IDENTIFIER
- control field: JO-AjAnu
005 - DATE AND TIME OF LATEST TRANSACTION
- control field: 20230606071913.0
008 - FIXED-LENGTH DATA ELEMENTS
- fixed length control field: 230606|| aca||aabn | a|a d
040 ## - CATALOGING SOURCE
- Original cataloging agency: JO-AjAnu
- Transcribing agency: JO-AjAnu
150 ## - HEADING--TOPICAL TERM
- Topical term or geographic name entry element: التخطيط الاداري
670 ## - SOURCE DATA FOUND
- Source citation: Work cat.: (JO-AjAnu)5138: النفيعي،عبدالله مصلح؛مراجعة ابو هنطش عبدالحميد؛تفديم محمد عثمان الجلعي, author 9968, مقدمة في الطرق النوعية التقنية لاعداد تنبؤات وتقديرات خطط وبرامج العمل المستقبلية